Derecho penal / (Record no. 122728)

MARC details
000 -LEADER
campo de control de longitud fija 00934nam a2200229 i 4500
001 - NÚMERO DE CONTROL
campo de control 122728
003 - IDENTIFICADOR DE NÚMERO DE CONTROL
campo de control ES-MaACL
005 - FECHA Y HORA DE LA ÚLTIMA TRANSACCIÓN
campo de control 20250809054903.0
007 - CAMPO FIJO DE DESCRIPCIÓN FÍSICA--INFORMACIÓN GENERAL
campo de control de longitud fija t|
008 - DATOS DE LONGITUD FIJA--INFORMACIÓN GENERAL
campo de control de longitud fija 070214s1955 sp r ||||1| spa d
100 1# - ENTRADA PRINCIPAL--NOMBRE DE PERSONA
Nombre de persona Puig Peña, Federico.
9 (RLIN) 94273
245 10 - MENCIÓN DEL TÍTULO
Título Derecho penal /
Mención de responsabilidad, etc. Federico Puig Peña.
250 ## - MENCION DE EDICION
Mención de edición 4ª. ed. ampl. corr. y puesta al día.
260 ## - PUBLICACIÓN, DISTRIBUCIÓN, ETC.
Lugar de publicación, distribución, etc. Madrid :
Nombre del editor, distribuidor, etc. Revista de Derecho Privado,
Fecha de publicación, distribución, etc. 1955.
300 ## - DESCRIPCIÓN FÍSICA
Extensión 4 v. ;
Dimensiones 23 cm.
490 1# - MENCIÓN DE SERIE
Mención de serie Grandes tratados general de Derecho Privado y Público, Serie C.
505 8# - NOTA DE CONTENIDO CON FORMATO
Nota de contenido con formato Contiene: I. Parte general.- 3 h. + 464 pág. -- II. Parte general.- 2 hoj. + 468 pág. -- III. Parte especial.- 3 hoj. + 447 pág. -- IV. Parte especial.- 3 hoj. + 461 pág.
650 04 - PUNTO DE ACCESO ADICIONAL DE MATERIA--TÉRMINO DE MATERIA
Término de materia o nombre geográfico como elemento de entrada Derecho penal-
Subdivisión geográfica España
9 (RLIN) 11752
830 00 - PUNTO DE ACCESO ADICIONAL DE SERIE-TÍTULO UNIFORME
Título uniforme Grandes tratados generales de derecho privado y público
9 (RLIN) 233176
852 ## - LOCALIZACIÓN
Ubicación ES-MaACL
Número de control de estantería E-2385-88
Sublocalización o colección R.37569
Holdings
Estatus retirado Estado de pérdida Estado de daño No para préstamo Biblioteca de origen Biblioteca actual Ubicación en estantería Fecha de adquisición Fuente de adquisición Total de préstamos Signatura topográfica completa Código de barras Visto por última vez Precio de reemplazo Tipo de ítem Koha
        Biblioteca del Ateneo de Madrid Biblioteca del Ateneo de Madrid Depósito 2 17/01/2008     E-2385-88 1127884 23/02/2023 23/02/2023 Libro impreso